Los museos de España (Record no. 5310)

MARC details
000 -LEADER
campo de control de longitud fija 00804npm a2200229 i 4500
001 - NÚMERO DE CONTROL
campo de control 5310
003 - IDENTIFICADOR DE NÚMERO DE CONTROL
campo de control ES-MaACL
005 - FECHA Y HORA DE LA ÚLTIMA TRANSACCIÓN
campo de control 20230909111310.0
007 - CAMPO FIJO DE DESCRIPCIÓN FÍSICA--INFORMACIÓN GENERAL
campo de control de longitud fija hzrazu bucu
008 - DATOS DE LONGITUD FIJA--INFORMACIÓN GENERAL
campo de control de longitud fija 900430r19901875sp b 00010 spa d
080 ## - NÚMERO DE LA CLASIFICACIÓN DECIMAL UNIVERSAL
Número de la Clasificación Decimal Universal 708(46)
100 1# - ENTRADA PRINCIPAL--NOMBRE DE PERSONA
Nombre de persona Araujo Sánchez, Ceferino,
Fechas asociadas al nombre 1824-1897
9 (RLIN) 22365
245 14 - MENCIÓN DEL TÍTULO
Título Los museos de España
Resto del título : [Microforma] /
Mención de responsabilidad, etc. por Ceferino Araujo Sánchez.
260 ## - PUBLICACIÓN, DISTRIBUCIÓN, ETC.
Lugar de publicación, distribución, etc. Madrid :
Nombre del editor, distribuidor, etc. Ateneo Científico, Literario y Artístico,
Fecha de publicación, distribución, etc. 1990.
300 ## - DESCRIPCIÓN FÍSICA
Extensión 2 microfichas :
Otras características físicas negativo.
500 ## - NOTA GENERAL
Nota general Publicado originalmente: Madrid, Imp. de Medina y Navarro, 1875.
505 8# - NOTA DE CONTENIDO CON FORMATO
Nota de contenido con formato Microficha n. 1: p. 1 a 121 - Microficha n. 2: p. 122 a 201
650 14 - PUNTO DE ACCESO ADICIONAL DE MATERIA--TÉRMINO DE MATERIA
Término de materia o nombre geográfico como elemento de entrada Obras de 1800.
9 (RLIN) 15662
852 ## - LOCALIZACIÓN
Ubicación ES-MaACL
Número de control de estantería MCF-54
itemnumber 5427
942 ## - ELEMENTOS DE ENTRADA SECUNDARIOS (KOHA)
Fuente del sistema de clasificación o colocación Clasificación decimal universal
Tipo de ítem Koha Microforma
Holdings
Estatus retirado Estado de pérdida Fuente del sistema de clasificación o colocación Estado de daño No para préstamo Colección Biblioteca de origen Biblioteca actual Ubicación en estantería Fecha de adquisición Total de préstamos Signatura topográfica completa Código de barras Visto por última vez Precio de reemplazo Tipo de ítem Koha
    Clasificación decimal universal     Libros del s. XIX Biblioteca del Ateneo de Madrid Biblioteca del Ateneo de Madrid Depósito 1 17/01/2008   MCF-54 1005373 23/02/2023 23/02/2023 Microforma